Mots de la langue française terminés par "cret" - Statistiques

Statistiques générales
  • Ce quiz a été pris 176 fois
  • Le résultat moyen est 4 sur 8
Statistiques - réponses
Indice Mot % Correct
réservé discret
84%
caché secret
81%
arrêté décret
80%
escarpement rocheux crêt
63%
perceptible concret
56%
sans-gêne indiscret
36%
faucon sacret
3%
pièce d'armure halecret
2%
Aucun quiz correspondant
Distribution des résultats
% des personnes avec chaque résultat
Percentile par nombre de réponses
Votre historique - résultats
Vous n’avez pas pris ce quiz